Anime!!!! - Statistics

General Stats
  • This quiz has been taken 130 times
  • The average score is 10 of 15
Answer Stats
Question Answer % Correct
Saitama-Sensei!!! Genos
85%
I have an adoptive father who taught me to use the Fire Dragon Slayer magic, which grants me to consume and create fires. Natsu Dragneel
84%
I am a boy who is often seen in my Survey Corps uniform. I am described as a "clean freak" by those who know me personally as I prefer my environment and myself to be spotlessly clean. Levi Ackerman
83%
I am the main protagonist of a series, who receives Soul Reaper powers after befriending Rukia Kuchiki, the Soul Reaper assigned to patrol around the city of Karakura Town. Ichigo Kurusaki
82%
I am a teenager who had killed my whole clan to stop them from destroying my village. Itachi Uchiha
80%
I am a trainer of some sort. Making new friends as I go to each region. And I have my buddy on my side since day one. Ash Ketchum
73%
I am a 17-year boy whose parents died to protect me from a monster. I always wanted to have the job that Dad had before he died. And I ended up having that job. Naruto Uzumaki
68%
I am a bored Shinigami that drops a notebook that allows the user to kill anyone simply by knowing their name and face. Ryuk
64%
I am a father who died protecting my baby son. I am known as the "yellow flash". Minato Namikaze
63%
SASUKE-KUN!!! Sakura Haruno
61%
I am a boy who has the power elements of both fire and ice from my parents and that my mum burnt my left eye with boiling water from a kettle. Shōto Todoroki
59%
I am an ex-student of the class S-hero Silverfang. Now I am a monster who hide the martial arts in me Garo
55%
I play volleyball and I play the libero for Karasuno Yu Nishinoya
55%
I play basketball and I am the ace for the team Gakuen. I am a good friend for Kuroko Aomine Daiki
30%
I am a famous teenage detective who was turned into a child after the men in black shove pills in my mouth Jimmy Kudo
14%
No matching quizzes found
Score Distribution
Percent of People with Each Score
Percentile by Number Answered
Your Score History
You have not taken this quiz